000 00958nam a22003017a 4500
001 BR9703515
003 BR-BrBNA
005 20230928095658.0
007 ta
008 230509b bl.||||| |||| 00| 0 por d
040 _aBR-BrBNA
_bpor
_cBiblioteca Nacional de Agricultura
041 _a(Por)
072 _aF02
_b2790
090 _ 2790 BR9703515
100 1 _aLameira, O.A.
110 1 _aUniversidade Federal de Lavras, MG (Brasil)
_0Tese (Doutor em Agronomia)
245 1 _aPropagacao in vitro e in vivo, dinamica de crescimento de celulas, nutricao e identificacao de flavonoides em erva-baleeira (Cordia verbenacea L.)
260 3 _aLavras, MG (Brasil):
_c1997.
300 _a87 p.
500 _a10 ref.; 25 illus.; 10 tables; Summaries (Eng, Por)
650 _aBaleeira
650 _aMicropropagacao
650 _aCrescimento
650 _aFarmacologia
650 _aFlavonoide
909 _a202309
_bLucia
_c55
_dLucia Elande
942 _cBK
999 _c58034
_d58034